Všeobecná geológia pre špecializáciu geodézia a kartografia

Gespeichert in:
Bibliographische Detailangaben
1. Verfasser: Šajgalík, Ján (Verfasst von)
Format: Buch
Sprache:Slowakisch
Veröffentlicht: Bratislava : SVŠT v Bratislave, 1975
Tags: Tag hinzufügen
Keine Tags, Fügen Sie das erste Tag hinzu!

MARC

LEADER 00000nam a22000003a 4500
001 stu92924
005 20150617225617.1
008 050222s1975----cs------------------slo-d
040 |a STU  |b slo 
041 0 |a slo 
044 |a cs 
080 |a 551.1/.4 
100 1 |a Šajgalík, Ján  |4 aut 
245 1 |a Všeobecná geológia pre špecializáciu geodézia a kartografia 
260 |a Bratislava :  |b SVŠT v Bratislave,  |c 1975 
300 |a 254 s 
996 |b 284V024581  |c V*341/S-75  |l VVS  |s A  |a 24  |w stu92924_0001 
996 |b 284V024582  |c V*342/S-75  |l VVS  |s A  |a 24  |w stu92924_0002